|
|
|
|
| LEADER |
00693nam a2200205 a 4500 |
| 001 |
000398097 |
| 003 |
CZ BrMZK |
| 005 |
20021002094035.0 |
| 007 |
ta |
| 008 |
010907s1987 ru f rus d |
| 040 |
|
|
|a BOA001
|b cze
|
| 080 |
|
|
|a 543.226
|2 MRF
|
| 100 |
1 |
|
|a Šesták, Jaroslav,
|d 1938-2024
|7 jk01122791
|4 aut
|
| 245 |
1 |
0 |
|a Teorija termičeskogo analiza :
|b Fiziko-chimičeskije svojstva tverdych neorganičeskich veščestv. /
|c Ja. Šestak
|
| 260 |
|
|
|a Moskva :
|b Mir,
|c 1987
|
| 300 |
|
|
|a 455 s.
|
| 765 |
0 |
|
|t Thermophysical properties of solids
|
| 910 |
|
|
|a BOA001
|b 2-0918.474
|
| 990 |
|
|
|a BK
|
| 996 |
7 |
|
|b 2619695517
|c 2-0918.474
|l MZK
|r Sklad / do 1 hodiny
|n 1
|w 000398097
|u 000010
|a 1
|e BOA001
|j MZK50
|s A
|